[Event "2nd RUS Pupils Summer Girls"]
[Site "Satka RUS"]
[Date "2005.07.01"]
[Round "5"]
[White "Ambartsumova,K"]
[Black "Karibaeva,E"]
[Result "0-1"]
[WhiteElo "2171"]
[BlackElo "2237"]

1.e4 g6 2.d4 Bg7 3.Nc3 d6 4.f4 c6 5.Nf3 Nd7 6.Bc4 d5 7.Bd3 dxe4 8.Nxe4 Ngf6
9.Nxf6+ Nxf6 10.O-O O-O 11.c3 Qb6 12.Qe2 Nd5 13.Bc4 Bf6 14.Ne5 Be6 15.Bd3 c5
16.c4 Nb4 17.dxc5 Qxc5+ 18.Be3 Qc7 19.Qd2 Nxd3 20.Nxd3 Qxc4 21.Rfc1 Qd5 22.Rc5 Qd6
23.Ne5 Qxd2 24.Bxd2 Rac8 25.Rac1 Rxc5 26.Rxc5 Rc8 27.Rxc8+ Bxc8 28.Bc3 Be6
29.a3 Bg7 30.Kf2 f6 31.Nd3 Bd5 32.g3 Bc4 33.Ne1 Kf7 34.Ke3 Ke6 35.Nf3 Kd5
36.Ng5 h6 37.Nf3 e5 38.fxe5 fxe5 39.Nd2 Bb5 40.Nf3 Bd7 41.Ne1 Bf5 42.Nf3 Bf6
43.h4 Be4 44.Nd2 Bh1 45.Kf2 Be7 46.b4 Bd8 47.Kg1 Be4 48.Kf2 Bb6+ 49.Ke2 Bd4
50.Bxd4 Kxd4 51.Nb3+ Kc3 52.Nc5 Bc6 53.Ne6 Kb3  0-1

[Event "6th EICC"]
[Site "Warsaw POL"]
[Date "2005.07.01"]
[Round "13"]
[White "Nevednichy,V"]
[Black "Romanov,E"]
[Result "1-0"]
[WhiteElo "2566"]
[BlackElo "2437"]

1.e4 g6 2.d4 Bg7 3.Nc3 d6 4.f4 a6 5.Nf3 b5 6.a4 b4 7.Ne2 a5 8.Ng3 Nf6 9.Bd3 O-O
10.O-O Ba6 11.c4 bxc3 12.bxc3 Nfd7 13.e5 dxe5 14.Bxa6 exf4 15.Nh5 Rxa6 16.Nxg7 Kxg7
17.Bxf4 Nf6 18.Qd2 Re8 19.c4 Nbd7 20.Ne5 Kg8 21.Rae1 Nxe5 22.Bxe5 Ng4 23.Bg3 Qd7
24.d5 Nf6 25.Qf4 Rc8 26.Qe5 Qxa4 27.Qxe7 Qb4 28.d6 Qc5+ 29.Kh1 cxd6 30.Qxf6 Qxc4
31.Rf4 Qb3 32.Rfe4 Qb5 33.Re7 Rf8 34.Bxd6 Qd5 35.Rd7 Qc6 36.Rd8 Ra8 37.Rxf8+ Rxf8
38.Rf1  1-0

[Event "FSGM July"]
[Site "Budapest HUN"]
[Date "2005.07.02"]
[Round "1"]
[White "Kristjansson,St"]
[Black "Thorfinnsson,Br"]
[Result "1/2-1/2"]
[WhiteElo "2459"]
[BlackElo "2328"]

1.d4 g6 2.e4 Bg7 3.Nc3 d6 4.Nf3 c6 5.Be3 Nf6 6.h3 O-O 7.Qd2 b5 8.Bd3 Nbd7
9.O-O Nb6 10.Bh6 Re8 11.Bxg7 Kxg7 12.a4 Nc4 13.Bxc4 bxc4 14.Qe3  1/2-1/2

[Event "ch-SWE"]
[Site "Goeteborg SWE"]
[Date "2005.07.02"]
[Round "1"]
[White "Olsson,An"]
[Black "Tikkanen,H"]
[Result "1/2-1/2"]
[WhiteElo "2416"]
[BlackElo "2316"]

1.e4 g6 2.d4 Bg7 3.Nc3 d6 4.Be3 a6 5.Qd2 Nd7 6.h4 h5 7.Nh3 b5 8.a4 b4 9.Nd5 c5
10.Ng5 e6 11.Nf4 cxd4 12.Bxd4 e5 13.Nxf7 Kxf7 14.Bc4+ Ke8 15.Ne6 Qe7 16.Nxg7+ Qxg7
17.Bd5 Bb7 18.Bxb7 Rb8 19.Bxa6 exd4 20.Bb5 Qe5 21.O-O-O b3 22.Qxd4 Qxd4 23.Rxd4 Ke7
24.Bxd7 Kxd7 25.Rhd1 Rb6 26.e5 Ne7 27.Rxd6+ Rxd6 28.Rxd6+ Kc7 29.cxb3 Rb8
30.Kc2 Rb4 31.g3 Re4 32.f4 Re2+ 33.Rd2 Rxd2+ 34.Kxd2 Nf5 35.b4 Nxg3 36.a5 Nf5
37.e6 Nd4 38.e7 Kd7 39.a6 Nb5 40.Kd3 Kxe7 41.Kc4 Nc7 42.b5 Kd6 43.a7 Na8
44.Kb4 Nb6 45.b3 Na8 46.Ka5 Kc7 47.Ka6 Nb6 48.b4 Na8 49.b6+ Nxb6 50.Kb5 Kb7
51.Kc5 Kxa7 52.Kd6 Nc4+ 53.Ke6 Ne3 54.Kf6 Ng2 55.Kxg6 Nxf4+ 56.Kg5 Ng2 57.Kxh5 Kb6
58.Kg5 Nxh4  1/2-1/2

[Event "VISUS Open"]
[Site "Prague CZE"]
[Date "2005.07.02"]
[Round "1"]
[White "Priborsky,J"]
[Black "Koper,S"]
[Result "1/2-1/2"]
[WhiteElo "2320"]
[BlackElo "2061"]

1.e4 g6 2.d4 Bg7 3.Nc3 d6 4.Be3 Nd7 5.Qd2 c6 6.f4 e6 7.Nf3 d5 8.e5 Nh6 9.Bd3 Nf5
10.Bf2 h5 11.h3 b5 12.O-O-O Nb6 13.g4 Ne7 14.Bh4 Nc4 15.Bxc4 bxc4 16.Bf6 Kf8
17.Ne2 Qb6 18.Ng3 Rb8 19.c3 Bxf6 20.exf6 Ng8 21.g5 h4 22.Ne2 e5 23.dxe5 Bf5
24.Ned4 Be4 25.e6 Qa6 26.b4 cxb3 27.Qb2 Rb7 28.axb3 c5 29.Rhe1 cxd4 30.Nxd4 fxe6  1/2-1/2

[Event "LXVIII ch-CRC"]
[Site "San Jose Julio CRC"]
[Date "2005.07.03"]
[Round "2"]
[White "Bermudez,S"]
[Black "Ugalde,R"]
[Result "0-1"]
[WhiteElo "2223"]
[BlackElo "2174"]

1.e4 d6 2.d4 g6 3.Nc3 Bg7 4.f4 c6 5.Nf3 Nf6 6.Bd3 O-O 7.O-O c5 8.d5 e6 9.a4 exd5
10.exd5 Na6 11.h3 Nb4 12.Bc4 Bf5 13.Rf2 h5 14.Ra3 Re8 15.Na2 Ne4 16.Re2 Qc7
17.Rae3 Nxa2 18.Bxa2 Qd7 19.c3 Ng3 20.Re1 Rxe3 21.Bxe3 Re8 22.Bc4 a6 23.Bf2 Ne4
24.Bh4 Nf6 25.a5 Kf8 26.Rxe8+ Qxe8 27.Qd2 Qa4 28.Bxf6 Bxf6 29.Qe2 Qxa5 30.Kh2 Qa1
31.Ne1 Qc1 32.g3 h4 33.Bd3 hxg3+ 34.Kxg3 Bxd3 35.Nxd3 Qg1+ 36.Qg2 Qe3+ 37.Qf3 Bh4+
38.Kg2 Qd2+ 39.Kf1 c4 40.Nf2 Bxf2 41.Qxf2 Qxf2+ 42.Kxf2 Kg7 43.Kf3 f5 44.Kg3 Kh6
45.Kh4 b5 46.Kg3 Kh5  0-1

[Event "2nd RUS Pupils Summer Boys"]
[Site "Satka RUS"]
[Date "2005.07.03"]
[Round "6"]
[White "Klimov,A"]
[Black "Filatov,D"]
[Result "1/2-1/2"]
[WhiteElo "2319"]
[BlackElo "2294"]

1.e4 d6 2.d4 g6 3.Nc3 Bg7 4.Nf3 Nf6 5.Be2 O-O 6.O-O Nc6 7.d5 Nb8 8.Re1 e5
9.dxe6 Bxe6 10.Bf4 Nc6 11.Qd2 Ng4 12.Bg5 f6 13.Bf1 Qd7 14.Nb5 Nge5 15.Nfd4 Bf7
16.Red1 a6 17.Nc3 f5 18.Nxc6 bxc6 19.Bh6 fxe4 20.Bxg7 Kxg7 21.Nxe4 Bd5 22.Nc3 Qf7
23.f4 Qxf4 24.Qxf4 Rxf4 25.Nxd5 cxd5 26.Rxd5 Re4 27.Rdd1 a5 28.b3 Re8 29.Kf2 g5
30.h3 Rf8+ 31.Kg1 Re8 32.Kf2 h6 33.g3 Rf8+ 34.Kg2 Re3 35.Bd3 Ref3 36.Rf1 Rxf1
37.Rxf1 Rb8 38.Be4 Rb4 39.Re1 Rd4 40.Kf2 Rd2+ 41.Ke3 Rh2 42.Rh1 Rxh1 43.Bxh1 Kf6
44.Kd4 Ke6 45.Bd5+ Kd7 46.c3 c6 47.Be4 Ke6 48.b4 d5 49.Bc2 axb4 50.cxb4 Kd6
51.Bd1 Nd7 52.Bb3 Nf6 53.g4 Ne4 54.Ke3 c5 55.bxc5+ Nxc5 56.Kd4 Ne6+ 57.Ke3 Nc5
58.Kd4 Ne6+ 59.Ke3  1/2-1/2

[Event "Open"]
[Site "Barbera del Valles ESP"]
[Date "2005.07.04"]
[Round "1"]
[White "Janev,E"]
[Black "Sanchez Romero,M"]
[Result "0-1"]
[WhiteElo "2460"]
[BlackElo "2197"]

1.e4 g6 2.d4 Bg7 3.Nc3 d6 4.Be3 c6 5.Qd2 Nd7 6.f4 Ngf6 7.Nf3 b5 8.e5 b4 9.Nd1 Nd5
10.Bd3 O-O 11.O-O c5 12.Bf2 cxd4 13.exd6 Bh6 14.Bh4 N7f6 15.dxe7 Qxe7 16.Nxd4 Qc5
17.c3 bxc3 18.bxc3 Nh5 19.Bg5 Bg7 20.Kh1 h6 21.Nb3 Qc7 22.Be4 hxg5 23.Bxd5 Rd8
24.fxg5 Be6 25.Bxa8 Rxd2 26.Nxd2 Qd8 27.Bf3 Qxd2 28.Nf2 Bxc3 29.Ne4 Qe3 30.Rac1 Ba5  0-1

[Event "ch-SWE"]
[Site "Goeteborg SWE"]
[Date "2005.07.04"]
[Round "3"]
[White "Berg,E"]
[Black "Tikkanen,H"]
[Result "1-0"]
[WhiteElo "2539"]
[BlackElo "2316"]

1.e4 g6 2.d4 Bg7 3.Nc3 d6 4.Be3 a6 5.Qd2 Nd7 6.h4 h5 7.Nh3 b5 8.Ng5 c6 9.O-O-O Qa5
10.Kb1 Ngf6 11.f3 Bb7 12.Qf2 Rc8 13.e5 dxe5 14.dxe5 Nd5 15.Nxd5 cxd5 16.e6 fxe6
17.Nxe6 Bxb2 18.Kxb2 Qb4+ 19.Kc1 Qa3+ 20.Kd2 Qb4+ 21.Ke2 Qd6 22.Nd4 e5 23.Qg3 Qf6
24.Rd2 O-O 25.Nb3 Rc3 26.Bg5 Qf5 27.Kd1 Rfc8 28.Qf2 Qe6 29.f4 e4 30.Rh3  1-0

[Event "4th Open"]
[Site "La Fere FRA"]
[Date "2005.07.04"]
[Round "4"]
[White "Trouville,R"]
[Black "Simonenko,S"]
[Result "0-1"]
[WhiteElo "2030"]
[BlackElo "2431"]

1.e4 g6 2.d4 Bg7 3.Nc3 d6 4.f4 Nf6 5.Nf3 O-O 6.Bd3 Na6 7.O-O c5 8.d5 Bg4
9.Qe1 Bxf3 10.Rxf3 Nd7 11.g4 Nb4 12.Rh3 e6 13.dxe6 fxe6 14.Bc4 Re8 15.Qf2 Nb6
16.Bb5 Rf8 17.Be3 Nc6 18.Rd1 Nd4 19.Bf1 Qe7 20.a4 a5 21.Qd2 Rf7 22.Nb5 Nxb5
23.Bxb5 d5 24.c3 Rc8 25.Bf2 dxe4 26.b4 Nd5 27.Bxc5 Rxc5 28.bxc5 Qxc5+ 29.Kh1 e3
30.Qe1 Bxc3 31.Qh4 Bf6 32.Qe1 Bd4 33.f5 exf5 34.gxf5 Nf4 35.Rf3 Rxf5 36.Qxa5 Qd5
37.Bc4 Qxc4 38.Qd2 Rf8 39.Qxd4 Qe2 40.Rxf4 Rxf4 41.Qd5+ Rf7 42.Qd8+ Kg7 43.Qd4+ Kh6
44.Rg1 Qf3+ 45.Rg2 Rf4  0-1

[Event "2nd CHN-FRA Match"]
[Site "Shenzheng CHN"]
[Date "2005.07.04"]
[Round "7"]
[White "Hou Yifan"]
[Black "Le Roux,JP"]
[Result "0-1"]
[WhiteElo "2158"]
[BlackElo "2466"]

1.e4 g6 2.d4 Bg7 3.Nc3 d6 4.Be3 a6 5.Nf3 b5 6.Bd3 Bb7 7.O-O Nd7 8.a4 b4 9.Ne2 Ngf6
10.Ng3 O-O 11.Qd2 c5 12.Bh6 Rc8 13.Bxg7 Kxg7 14.e5 dxe5 15.dxe5 Bxf3 16.exf6+ Nxf6
17.Qg5 Bb7 18.Rad1 Qc7 19.Rfe1 e6 20.b3 Rfd8 21.Qc1 Rd4 22.f3 Rcd8 23.Nf1 Nd5
24.Qg5 h6 25.Qg3 Qxg3 26.hxg3 Nc3 27.Ra1 Nd5 28.Re5 Kf6 29.Rae1 Rc8 30.Nd2 Nb6
31.R5e2 Rcd8 32.Re3 a5 33.Kf2 R8d6 34.g4 Kg7 35.g3 Rd8 36.Re5 Bd5 37.f4 Nd7
38.R5e2 Nf6 39.g5 hxg5 40.fxg5 Ng4+ 41.Kg1 Rh8 42.Ne4 Ne5 43.Nxc5 Rh1+  0-1

[Event "Australian Masters"]
[Site "Melbourne AUS"]
[Date "2005.07.05"]
[Round "6"]
[White "West,G"]
[Black "Rujevic,M"]
[Result "1-0"]
[WhiteElo "2350"]
[BlackElo "2268"]

1.e4 g6 2.d4 Bg7 3.Nc3 d6 4.Nf3 a6 5.Be3 Nf6 6.h3 b5 7.a3 Bb7 8.Bd3 O-O 9.O-O Nbd7
10.Re1 c5 11.d5 Nb6 12.Qd2 Re8 13.Bh6 Bh8 14.Ng5 Bg7 15.Bxg7 Kxg7 16.Rad1 h6
17.Nf3 e5 18.dxe6 Rxe6 19.Qf4 Nh5 20.Qc1 Qf6 21.Nh2 Nf4 22.Re3 b4 23.axb4 cxb4
24.Ng4 Qg5 25.Ne2 Nxe2+ 26.Rxe2 Qxc1 27.Rxc1 Na4 28.Rb1 h5 29.Nh2 Rae8 30.Nf3 R6e7
31.Nd2 d5 32.f3 f5 33.Rbe1 dxe4 34.fxe4 fxe4 35.Bxe4 Bxe4 36.Nxe4 Nxb2 37.Nd6 Rxe2
38.Nxe8+ Rxe8 39.Rxe8 a5 40.Re5 Nc4 41.Rc5 Na3 42.Rxa5 Nxc2 43.Kf2 Kf6 44.Kf3 g5
45.Ke4 h4 46.Ra6+ Ke7 47.Kf5 b3 48.Rb6 Kd7 49.Kxg5 Na1 50.Kxh4 Kc7 51.Rb4 Kc6
52.g4 Kc5 53.Rb8 Kc4 54.g5 Nc2  1-0

[Event "DMP 1st League"]
[Site "Koszalin POL"]
[Date "2005.07.06"]
[Round "2"]
[White "Kulon,K"]
[Black "Szczepkowska,K"]
[Result "0-1"]
[WhiteElo "2069"]
[BlackElo "2245"]

1.d4 d6 2.e4 g6 3.Nc3 Bg7 4.Be3 a6 5.Qd2 b5 6.O-O-O Bb7 7.f3 Nd7 8.g4 e6
9.h4 h6 10.Bg2 Nb6 11.b3 Qe7 12.Qf2 Nf6 13.Nge2 Nfd7 14.g5 h5 15.f4 O-O-O
16.Rhe1 b4 17.Nb1 Kb8 18.Ng3 Rc8 19.f5 Bf8 20.f6 Qd8 21.c4 bxc3 22.Nxc3 c5
23.dxc5 dxc5 24.Kb2 Qc7 25.a3 Bd6 26.Nge2 Ne5 27.Bf4 Ka8 28.Rd2 Qc6 29.Qg3 Nbd7
30.Red1 Bb8 31.Na4 Rhd8 32.Nec3 c4 33.b4 Nd3+ 34.Rxd3 Bxf4 35.Qxf4 cxd3 36.Rxd3 Nb6
37.Nxb6+ Qxb6 38.Rxd8 Rxd8 39.Bf1 Qd4 40.Qf3 Qe5 41.Be2 Kb8 42.Kb3 Rd4 43.Bd3 Qd6
44.Bc2 Bc6 45.Qe3 Qd7 46.Qf4+ Kb7 47.Qe5 Rd2 48.a4 Qd4 49.Qxd4 Rxd4 50.b5 axb5
51.axb5 Be8 52.e5 Rxh4 53.Ne4 Bxb5 54.Nd6+ Kb6 55.Nxf7 Ba4+ 56.Kc3 Rh3+ 57.Kd2 Rh2+
58.Ke3 Rxc2 59.Nd6 Rc3+ 60.Kf2 Bc6 61.Ke2 Rf3 62.Nc8+ Kc7 63.Ne7 Ra3 64.f7 Rf3
65.Nxc6 Rxf7 66.Nd4 Kd7 67.Ke3 h4 68.Nf3 h3 69.Ke4 Rf8 70.Ke3 Kc6 71.Ke4 Rxf3  0-1

[Event "4th Open"]
[Site "La Fere FRA"]
[Date "2005.07.06"]
[Round "7"]
[White "Muller,A"]
[Black "Bogdan,D"]
[Result "0-1"]
[WhiteElo "2169"]
[BlackElo "2455"]

1.e4 g6 2.d4 Bg7 3.Nc3 d6 4.f4 Nd7 5.Nf3 c5 6.Be3 Ngf6 7.dxc5 Qa5 8.Bd3 Nxc5
9.Qd2 O-O 10.h3 Bd7 11.O-O Rfc8 12.a3 Qd8 13.Qf2 b6 14.e5 Ne8 15.Ne4 Nxd3
16.cxd3 Bf5 17.g4 Bxe4 18.dxe4 Qd7 19.Rae1 Qc6 20.Bd4 dxe5 21.Nxe5 Qc2 22.Re2 Qb3
23.Re3 Qa4 24.Bc3 Nd6 25.Qf3 Nb5 26.b3 Qxa3 27.Nc4 Qc5 28.Bxg7 Kxg7 29.f5 Nd4
30.f6+ Kg8 31.Qf2 e5 32.Rd3 Nxb3 33.Nxe5 Qxe5 34.Rxb3 Qxe4 35.Re3 Qd5 36.Rfe1 Qc5
37.Qh4 Qd4 38.Qg5 h6 39.Qh4 Rc1 40.Kg2 Rxe1 41.Rxe1 Rc8  0-1

[Event "LXVIII ch-CRC"]
[Site "San Jose Julio CRC"]
[Date "2005.07.06"]
[Round "4"]
[White "Leandro,J"]
[Black "Ugalde,R"]
[Result "1-0"]
[WhiteElo "2133"]
[BlackElo "2174"]

1.e4 d6 2.d4 g6 3.Nc3 Bg7 4.Be3 c6 5.Qd2 a5 6.h4 h5 7.Nh3 Nf6 8.f3 a4 9.Bd3 b5
10.a3 Qa5 11.Ng5 Ba6 12.O-O Nbd7 13.b4 axb3 14.cxb3 c5 15.b4 Qb6 16.dxc5 dxc5
17.Qf2 Rc8 18.a4 Qd6 19.Bxb5 cxb4 20.Rfd1 Qb8 21.Bxa6 Rxc3 22.Bd4 O-O 23.Bxc3 bxc3
24.Rac1 Ne5 25.Be2 Rc8 26.a5 Qb4 27.Qb6 Nc6 28.Ba6 Qxb6+ 29.axb6 Rb8 30.Rxc3 Rxb6
31.Bb5 Rxb5 32.Rxc6 Rb8 33.e5 Nh7 34.Nxh7 Kxh7 35.Rd5 Rb1+ 36.Kf2 Rb2+ 37.Kg3 Re2
38.f4 f6 39.Kf3 Ra2 40.Rc7 Ra3+ 41.Kf2 Ra2+ 42.Kg1 Ra8 43.Rxe7 fxe5 44.Rdd7 Rg8
45.fxe5 Kh6 46.Kh2 Kh7 47.Kh3 Kh8 48.g4 Kh7 49.Kg3 Kh6 50.g5+ Kh7 51.Kf4 Kh8
52.Ke4 Ra8 53.Rxg7 Ra4+ 54.Kd5 Ra5+ 55.Kd6 Rd5+ 56.Kc7 Rc5+ 57.Kd8 Rc8+ 58.Ke7 Re8+
59.Kf7 Rf8+ 60.Ke6 Rf6+ 61.Kd5  1-0

[Event "2nd RUS Pupils Summer Boys"]
[Site "Satka RUS"]
[Date "2005.07.06"]
[Round "9"]
[White "Ivanov,Andrew"]
[Black "Filatov,D"]
[Result "1-0"]
[WhiteElo "2239"]
[BlackElo "2294"]

1.e4 d6 2.d4 g6 3.Nc3 Bg7 4.Be3 a6 5.Qd2 b5 6.a3 Bb7 7.f3 Nd7 8.g4 c5 9.dxc5 Nxc5
10.h4 Nf6 11.Bg2 h5 12.e5 Nfd7 13.exd6 exd6 14.gxh5 Rxh5 15.O-O-O Nb6 16.Bg5 f6
17.Qxd6 Qxd6 18.Rxd6 Nc4 19.Rxf6 Bxf6 20.Bxf6 Kf7 21.Bg5 Ne6 22.Nh3 Rhh8
23.b3 Nb6 24.Rd1 Rac8 25.Kb2 Nxg5 26.Nxg5+ Kg7 27.Rd4 Rhe8 28.Bh3 Rb8 29.Rf4 Re7
30.Ne6+ Kh6 31.h5 Nd5 32.Nxd5 Bxd5 33.Rf6 Bxe6 34.Rxg6+ Kxh5 35.Rxe6 Ra7
36.Bf5 Kg5 37.Bd3 Rf8 38.Be4 Kf4 39.b4 Rc8 40.Rf6+ Ke3 41.Bd3 Kd2 42.Re6 Rac7
43.Re2+ Kd1 44.f4 Rf8 45.Rf2 Rf6 46.f5 Ke1 47.Rg2 Kd1 48.Be2+ Ke1 49.Bd3 Kd1
50.Rg6 Rfc6 51.Be4 Rc4 52.Rd6+ Ke1 53.Bd3 R4c6 54.Rxc6 Rxc6 55.a4 Kd2 56.axb5 axb5
57.Kb3 Rc3+ 58.Kb2 Rc6 59.Bxb5 Rxc2+ 60.Kb3 Rc7 61.Be8 Kd3 62.f6 Kd4 63.f7 Rc3+
64.Ka4 Rf3 65.Ka5 Kd5 66.b5 Kd6 67.b6 Rf2 68.Ka6 Ra2+ 69.Kb7 Rf2 70.Kc8 Ke7
71.b7 Rc2+ 72.Kb8  1-0

[Event "34th TCh-GRE"]
[Site "Ermioni Argolidas GRE"]
[Date "2005.07.07"]
[Round "4"]
[White "Papadopoulou,V"]
[Black "Makropoulou,M"]
[Result "1/2-1/2"]
[WhiteElo "2212"]
[BlackElo "2287"]

1.d4 d6 2.e4 g6 3.Nc3 Bg7 4.Be3 a6 5.Qd2 b5 6.Bd3 Bb7 7.Nf3 Nd7 8.O-O c5
9.Rfe1 cxd4 10.Bxd4 Ngf6 11.a4 bxa4 12.Rxa4 O-O 13.Qe2 a5 14.Rea1 Nc5 15.Bxc5 dxc5
16.Nd2 Nd7 17.Nb3 Nb6 18.Rxa5 Rxa5 19.Nxa5 Ba8 20.Nc4 Nxc4 21.Bxc4 e6 22.Bb3 Qh4
23.g3 Qh3 24.Na4 Rd8 25.c3 Bf8 26.Rd1 Rxd1+ 27.Bxd1 Qh6 28.f4 e5 29.fxe5 Qg5
30.e6 fxe6 31.Bb3 Kg7 32.Bxe6 Qe5 33.Bc4 Qxe4 34.Qxe4 Bxe4 35.Nb6 Bc6 36.Kf2 Kf6
37.Bg8 h5 38.Ke3 Bd6 39.Bd5 Be8 40.Nc4 Bc7 41.Nd2 Ke5 42.Bb7 Bd8 43.Nc4+ Ke6
44.Ke4 Be7 45.Bc8+ Kf6 46.Bb7 g5 47.Ne3 Bf7 48.Bc8 Bf8 49.Ba6 Bg6+ 50.Kd5 Bf7+
51.Kc6 Ke5 52.Bd3 Be8+ 53.Kb6 Bf7 54.Kc7 Bd6+ 55.Kd8 Bf8 56.Bc4 Bg6 57.Bd5 g4
58.Bb7 Bh6 59.Nc4+ Ke6 60.Kc7  1/2-1/2

[Event "ITT"]
[Site "San Bernardo ARG"]
[Date "2005.07.07"]
[Round "4"]
[White "Bronstein,L"]
[Black "Frenklakh,V"]
[Result "1-0"]
[WhiteElo "2342"]
[BlackElo "2296"]

1.e4 g6 2.d4 Bg7 3.Nc3 d6 4.Nf3 Nc6 5.h3 e5 6.Bg5 f6 7.Be3 Nh6 8.dxe5 Nxe5
9.Nxe5 fxe5 10.Bc4 Nf7 11.Qd2 O-O 12.Bg5 Bf6 13.h4 Bxg5 14.hxg5 c6 15.O-O-O Kg7
16.Bxf7 Rxf7 17.f3 Be6 18.Kb1 Rd7 19.g3 Qe7 20.f4 b5 21.Rh4 b4 22.Rdh1 Rh8
23.Qh2 Kg8 24.Ne2 Bc4 25.Rh6 Qf7 26.f5 gxf5 27.g6 Bxa2+ 28.Ka1 Qc4 29.Rxh7 Rdxh7
30.gxh7+  1-0

[Event "34th TCh-GRE"]
[Site "Ermioni Argolidas GRE"]
[Date "2005.07.08"]
[Round "5"]
[White "Dembo,Y"]
[Black "Kotrotsos,V"]
[Result "1-0"]
[WhiteElo "2428"]
[BlackElo "2356"]

1.e4 g6 2.d4 Bg7 3.Nc3 d6 4.f4 Nc6 5.Be3 Nf6 6.Be2 O-O 7.d5 Nb8 8.Qd2 c5
9.h3 Na6 10.O-O-O Rb8 11.e5 dxe5 12.fxe5 Nd7 13.e6 Ne5 14.Bh6 Qa5 15.Bxg7 Kxg7
16.h4 h5 17.Nf3 Nxf3 18.Bxf3 fxe6 19.Bxh5 Qc7 20.Rhf1 Rxf1 21.Rxf1 Qe5 22.Bf3 Nb4
23.Re1 Qf5 24.a3 Nxd5 25.Bxd5 exd5 26.Rxe7+ Kf8 27.Nxd5 Kg8 28.Ne3  1-0

[Event "34th TCh-GRE"]
[Site "Ermioni Argolidas GRE"]
[Date "2005.07.08"]
[Round "5"]
[White "Trabert,B"]
[Black "Fakhiridou,E"]
[Result "1/2-1/2"]
[WhiteElo "2291"]
[BlackElo "2272"]

1.e4 d6 2.d4 g6 3.Nc3 Bg7 4.h3 Nh6 5.g4 f6 6.Be3 Nf7 7.f4 e5 8.dxe5 fxe5
9.f5 Bh6 10.Qe2 Bxe3 11.Qxe3 Qh4+ 12.Kd2 c6 13.Rd1 Qe7 14.Kc1 b5 15.Nf3 Na6
16.h4 Nc5 17.Ng5 Nd8 18.Bg2 a5 19.Rhf1 O-O 20.Rf2 b4 21.Ne2 a4 22.Qd2 b3
23.cxb3 axb3 24.a3 Ba6 25.Qe3 Ndb7 26.Nc3 Na5 27.Bf1 Nc4 28.Bxc4+ Bxc4 29.Rfd2 Rad8
30.Nf3 Rd7 31.Qh6 gxf5 32.gxf5 Rf6 33.Qg5+ Kh8 34.Rg1 Qf8 35.Qe3 Qh6 36.Rg5 Qf8
37.Nh2 Rh6 38.Qg3  1/2-1/2

[Event "34th TCh-GRE"]
[Site "Ermioni Argolidas GRE"]
[Date "2005.07.08"]
[Round "6"]
[White "Darmarakis,M"]
[Black "Petrov,Marij"]
[Result "1-0"]
[WhiteElo "2174"]
[BlackElo "2406"]

1.e4 g6 2.d4 Bg7 3.Nc3 d6 4.Be2 a6 5.a4 b6 6.h4 h5 7.Nf3 Bg4 8.Be3 c5 9.Ng5 cxd4
10.Bxd4 Bxe2 11.Nxe2 Nf6 12.Bxf6 Bxf6 13.Nxf7 Kxf7 14.Qd5+ e6 15.Qxa8 Bxb2
16.Rb1 Bf6 17.Qb7+ Nd7 18.Qxa6 Bxh4 19.a5 bxa5 20.Qxd6 Be7 21.Qf4+ Kg8 22.Rb7 Rh7
23.O-O Qe8 24.Rd1 Bf8 25.e5 Qc8 26.Qe4 Rg7 27.Nf4 Nxe5 28.Rxg7+ Bxg7 29.Nxg6 Qc4
30.Rd8+ Kh7 31.Nf8+  1-0

[Event "ch-SWE"]
[Site "Goeteborg SWE"]
[Date "2005.07.08"]
[Round "7"]
[White "Carlsson,P"]
[Black "Hillarp Persson,T"]
[Result "0-1"]
[WhiteElo "2394"]
[BlackElo "2511"]

1.e4 g6 2.d4 Bg7 3.Nc3 d6 4.f4 a6 5.Nf3 b5 6.Bd3 Nd7 7.Be3 Bb7 8.e5 Nh6 9.Qe2 Nb6
10.a4 b4 11.Ne4 O-O 12.a5 Nd5 13.Bd2 c5 14.dxc5 dxe5 15.Nxe5 Qc7 16.O-O Nf5
17.Kh1 Nxf4 18.Bxf4 Bxe5 19.Qd2 Bxe4 20.Bxe4 Rad8 21.Bd3 Rd4 22.Bxe5 Qxe5
23.Rae1 Qxc5 24.Qe2 e6 25.Ra1 Qd6 26.Bxf5 exf5 27.Rad1 Rxd1 28.Rxd1 Qc6 29.Qd3 Re8
30.h3 Re4 31.c3 bxc3 32.bxc3 Rc4 33.Rb1 Kg7 34.Rb6 Qc5 35.Qd8 Re4 36.Qf6+ Kh6
37.Rb1 Qxa5 38.Qxf7 Qxc3 39.Qf8+ Kh5 40.g4+ fxg4  0-1

[Event "4th Open"]
[Site "La Fere FRA"]
[Date "2005.07.08"]
[Round "9"]
[White "Maes,W"]
[Black "Shalamberidze,A"]
[Result "1/2-1/2"]
[WhiteElo "2267"]
[BlackElo "2419"]

1.e4 g6 2.d4 Bg7 3.Nc3 d6 4.Be3 c6 5.Qd2 b5 6.f3 Nd7 7.g4 Nb6 8.b3 a5 9.Rd1 Nf6
10.Nge2 b4 11.Nb1 h5 12.g5 Nfd7 13.Bg2 Qc7 14.O-O c5 15.c3 O-O 16.f4 Ba6
17.c4 cxd4 18.Bxd4 Bxd4+ 19.Nxd4 Rad8 20.f5 Nc5 21.Qe3 Nbd7 22.Nd2 Ne5 23.N2f3 Ng4
24.Qe2 Bb7 25.h3 Ne5 26.Nh4 e6 27.Qe3 exf5 28.exf5 Bxg2 29.Nxg2 Rfe8 30.fxg6 fxg6
31.Qg3 Qe7 32.Rde1 Rf8 33.Rxf8+ Rxf8 34.Nf4 Rxf4 35.Qxf4 Ncd3 36.Rxe5 dxe5
37.Qe3 Nf4 38.Nf3 Nxh3+ 39.Kh2 e4 40.Kxh3 Qd7+ 41.Kh2 exf3 42.Qxf3 Qd2+ 43.Qg2 Qxg2+
44.Kxg2 Kf7 45.Kf3 Ke6 46.Ke4 Kd6 47.Kd4 Kc6 48.Ke4 Kc5 49.Ke5 a4 50.Ke4 a3
51.Ke5 Kc6 52.Ke4 Kd6 53.Kd4 Kc6 54.Ke4 Kc5 55.Ke5 Kc6  1/2-1/2

[Event "ch-BEL"]
[Site "Aalst BEL"]
[Date "2005.07.09"]
[Round "8"]
[White "Henris,L"]
[Black "Vandenbussche,T"]
[Result "0-1"]
[WhiteElo "2283"]
[BlackElo "2191"]

1.e4 g6 2.d4 Bg7 3.Nc3 d6 4.f4 a6 5.Nf3 b5 6.Bd3 Nd7 7.e5 Nh6 8.f5 Nxf5 9.Bxf5 gxf5
10.e6 fxe6 11.Ng5 Nf6 12.Qe2 b4 13.Nd1 Qd7 14.a3 h6 15.Nh3 Ng4 16.Nhf2 h5
17.h3 Nxf2 18.Qxf2 Qb5 19.axb4 Qxb4+ 20.c3 Qb5 21.Qg3 Bf6 22.Qg6+ Kd7 23.Bg5 Bxg5
24.Qxg5 Bb7 25.Qd2 Rhg8 26.Rg1 f4 27.b4 Qd5 28.Kf1 Rg3 29.Ra5 Qc4+ 30.Ke1 Rag8
31.Qxf4 Rxg2 32.Rxg2 Rxg2 33.Qf1 Qb3 34.d5 Qc2 35.dxe6+ Kxe6 36.Qc4+ Kd7  0-1

[Event "Open"]
[Site "Barbera del Valles ESP"]
[Date "2005.07.09"]
[Round "6"]
[White "Randazzo,A"]
[Black "Santos Ramos,C"]
[Result "0-1"]
[WhiteElo "2262"]
[BlackElo "2061"]

1.e4 g6 2.d4 Bg7 3.Nc3 d6 4.Be3 Nc6 5.Qd2 e5 6.Nge2 f5 7.exf5 Bxf5 8.dxe5 Nxe5
9.Ng3 Ne7 10.f4 N5c6 11.O-O-O Qd7 12.Bb5 a6 13.Ba4 O-O-O 14.Nge2 b5 15.Bb3 Na5
16.Nd4 Nxb3+ 17.Nxb3 Nc6 18.Nd5 Rhe8 19.Bb6 Kb7 20.Bxc7 Rc8 21.Ba5 Nxa5 22.Nxa5+ Kb8
23.Nb6 Qc7 24.Nxc8 Rxc8 25.c4 d5 26.Rhf1 d4 27.Rde1 Qd6 28.g4 Bxg4 29.Qg2 Qd7
30.Rg1 Bf5 31.Qg5 d3 32.Re7 Qd4 33.Rb7+ Ka8 34.Rxg7 Qe3+ 35.Kb1 d2+ 36.Qxf5 Qxg1+
37.Kc2 Qc1+ 38.Kb3 d1=Q+ 39.Ka3 Qa4+  0-1

[Event "Open"]
[Site "Barbera del Valles ESP"]
[Date "2005.07.09"]
[Round "6"]
[White "Janev,E"]
[Black "Moskalenko,V"]
[Result "1/2-1/2"]
[WhiteElo "2460"]
[BlackElo "2534"]

1.e4 g6 2.d4 Bg7 3.Nc3 d6 4.Be3 c6 5.Qd2 b5 6.h4 h5 7.f3 Nf6 8.Nh3 Bxh3 9.Rxh3 Nbd7
10.O-O-O Nb6 11.Bd3 Rb8 12.Qe2 O-O 13.g4 Qc7 14.Rg1 b4 15.Nd1 c5 16.e5 dxe5
17.dxc5 Nbd5 18.Bc4 e6 19.Nf2 e4 20.Bxd5 Nxd5 21.fxe4 Bxb2+ 22.Kxb2 Qe5+
23.Kc1 Nxe3 24.Rxe3 Qa1+ 25.Kd2 Qxg1 26.gxh5 Rbd8+ 27.Nd3 f5 28.exf5 Rxf5
29.Rxe6 gxh5 30.Re8+ Rxe8 31.Qxe8+ Kg7 32.Qe7+ Rf7 33.Qe5+ Kg8 34.Qxh5 Qg2+
35.Kc1 Qg1+ 36.Kd2 Qg2+ 37.Qe2 Qd5 38.Qg4+ Kh7 39.Qxb4 Qxa2 40.Qe4+ Kg7 41.Qe5+ Kh7
42.Qe4+ Kg7 43.h5 Qa5+ 44.Ke2 Qc7 45.Qg6+ Kh8 46.Qh6+ Kg8 47.Qg5+ Kh7 48.Qg6+ Kh8
49.Qd6 Qe7+ 50.Ne5 Rg7 51.h6 Rg2+ 52.Kf3 Qxd6 53.cxd6 Rxc2 54.Ke4 Rd2 55.Nd3 Re2+
56.Kf5 Rd2 57.Ke4 Re2+ 58.Kd5 Re8 59.d7  1/2-1/2

[Event "34th TCh-GRE"]
[Site "Ermioni Argolidas GRE"]
[Date "2005.07.09"]
[Round "7"]
[White "Tassopoulos,M"]
[Black "Kotrotsos,V"]
[Result "1/2-1/2"]
[WhiteElo "2220"]
[BlackElo "2356"]

1.e4 g6 2.d4 Bg7 3.Nc3 d6 4.f4 a6 5.Nf3 b5 6.Bd3 Nd7 7.O-O c5 8.dxc5 Nxc5
9.Qe1 Bb7 10.b4 Na4 11.Bd2 Qb6+ 12.Kh1 Nxc3 13.Bxc3 Bxc3 14.Qxc3 Nf6 15.a4 O-O
16.Rfe1 Rfc8 17.Qd4 Qc7 18.Nd2 e5 19.fxe5 dxe5 20.Qf2 Qe7 21.Nb3 Nh5 22.axb5 axb5
23.Nc5 Bc6 24.Qf1 Qh4 25.Kg1 Rcb8 26.Rxa8 Rxa8 27.Ra1 Rxa1 28.Qxa1 Nf6 29.Qxe5 Qe1+
30.Bf1 Qe3+ 31.Kh1 Ng4 32.Qb8+ Kg7 33.Nd3 Bxe4 34.Qg3 Qxg3 35.hxg3 Ne3 36.Nc5 Bc6
37.Bd3 Bxg2+ 38.Kg1 Bc6 39.Kf2 Nd5 40.Na6 h5 41.c4 bxc4 42.Bxc4 Nc3 43.Ke3 Ne4
44.b5 Bb7 45.b6 Nxg3 46.Nc5 Nf5+ 47.Kd3 Nd6 48.Nxb7 Nxb7 49.Bd5 Nd8 50.Ke4 Kf6
51.Kf4 Ke7 52.b7 Nxb7 53.Bxb7 Kf6 54.Bc8 g5+ 55.Ke4 Kg6 56.Bd7 Kf6 57.Be8 Ke6
58.Kf3 Ke7 59.Bb5 f5 60.Ba4 h4 61.Bb5 Kf6 62.Be8 Ke5 63.Bh5 Kd4 64.Bg6 Ke5
65.Bh5 h3 66.Kg3 g4 67.Be8 Ke4 68.Bg6 Ke5 69.Be8 Kd6 70.Bg6 Ke6 71.Kf4  1/2-1/2

[Event "2nd S Wales Int"]
[Site "Caerleon WLS"]
[Date "2005.07.10"]
[Round "2"]
[White "Waterfield,J"]
[Black "Helbig,P"]
[Result "1/2-1/2"]
[WhiteElo "2053"]
[BlackElo "2184"]

1.e4 g6 2.d4 d6 3.Nc3 Bg7 4.Be3 a6 5.f4 b5 6.Nf3 Bb7 7.Bd3 Nd7 8.e5 e6 9.Qe2 Ne7
10.Bf2 Nb6 11.Bh4 Qd7 12.Bxe7 Qxe7 13.Ne4 Bxe4 14.Qxe4 O-O 15.O-O dxe5 16.dxe5 Qc5+
17.Qd4 Qxd4+ 18.Nxd4 Rfd8 19.Nc6 Rd7 20.Be4 Bf8 21.Rfd1 Bc5+ 22.Kf1 Nd5 23.Ke1 Kf8
24.c4 bxc4 25.Rac1 c3 26.bxc3 Be3 27.Rc2 Bxf4 28.g3 Be3 29.Rd3 Bc5 30.Rcd2 Ke8
31.Na5 Rb8 32.c4 Bb4 33.Nc6 Bxd2+ 34.Rxd2 Rb6 35.cxd5 exd5 36.Bxd5 Rxd5 37.Rxd5 Rxc6
38.Kd2 Rb6 39.Ra5 Kd7 40.Kc3 Kc6 41.h3 Kb7 42.Kd4 Rb4+ 43.Kd5 Kb6 44.Ra3 Kb5
45.Rf3 c5 46.Rxf7 Rd4+ 47.Ke6 c4 48.Rc7 Kb6 49.Rc8 Kb7 50.Rc5 Kb6 51.Rc8 Kb7  1/2-1/2